Score 0/25 Timer 05:00
0 Plays Today
% Correct
mouse
92.8%
calf
91.9%
cougar
91.7%
kite
91.6%
butterfly
91.3%
badger
88.6%
chicken
88.2%
seal
88.1%
duck
87.6%
guinea pig
87.3%
eagle
85.6%
mole
83.7%
flounder
82.9%
% Correct
ram
79.7%
slug
79.3%
turkey
79%
bat
78.4%
crow
72.7%
shrew
72.7%
hawk
68%
mule
67.1%
shark
66.8%
ape
65.6%
goose
63.6%
wolf
61.6%
Remove Ads.
Support Sporcle.
Get the best of Sporcle when you Go Orange. This ad-free experience offers more features, more stats, and more fun while also helping to support Sporcle. Thank you for becoming a member.

You're not logged in!

Compare scores with friends on all Sporcle quizzes.
OR
Log In

Show Comments

Extras

Top Quizzes Today


Score Distribution

Your Account Isn't Verified!

In order to create a playlist on Sporcle, you need to verify the email address you used during registration. Go to your Sporcle Settings to finish the process.

Report this User

Report this user for behavior that violates our Community Guidelines.

Details: